Great Christian Jurists in French History

Saved in:
Bibliografiske detaljer
Hovedforfatter: Descamps, Olivier
Andre forfattere: Domingo, Rafael
Format: Ukendt
Sprog:engelsk
Udgivet: Cambridge, Reino Unido Cambridge University Press 2019
Udgivelse:Primera edición
Serier:Cambridge Studies in Law and Christianity
Fag:
Tags: Tilføj Tag
Ingen Tags, Vær først til at tagge denne postø!

MARC

LEADER 00000 a2200000 4500
003 CL-VaPUC
005 20210608001414.0
008 200107b ||||| |||| 00| 0 eng d
999 |c 375851  |d 375849 
020 |a 9781108484084 
040 |c Pontificia Universidad Católica de Valparaíso 
041 0 |a eng 
082 |a 340.1 DES 2019 
100 1 |a Descamps, Olivier  |9 604809 
245 1 0 |a Great Christian Jurists in French History 
250 |a Primera edición 
260 3 |b Cambridge University Press  |c 2019  |a Cambridge, Reino Unido 
300 |a 485 p 
490 0 0 |a Cambridge Studies in Law and Christianity 
583 |k Sandra Vasquez  |c 20200107 
650 0 0 |a Historia del derecho  |9 255109 
650 0 0 |a Fuentes del derecho   |9 255162 
650 0 0 |2 DERECHO FRANCES 
700 1 |a Domingo, Rafael  |9 605623 
942 |2 ddc  |c BK 
952 |0 0  |1 0  |2 ddc  |4 0  |6 340_100000000000000_DES_2019  |7 0  |8 DER_HDC  |9 495802  |a BIBDER  |b BIBDER  |d 2020-01-06  |e 1  |g 114598.00  |i 5571316  |o 340.1 DES 2019  |p 5571316  |r 2020-01-06  |t 1  |v 114598.00  |w 2020-01-06  |y BK  |k DER